| 000 | 00816nam a2200229Ii 4500 | ||
|---|---|---|---|
| 003 | JO-AjNU | ||
| 008 | 230605s9999||||xx |||||||||||||| ||und|| | ||
| 017 | _a1994/1963 | ||
| 020 | _a977-200-091-7 | ||
| 040 |
_aJO-AjNU _bara _erda _cJO-AjNU |
||
| 041 | _aara | ||
| 050 | 1 | 4 | _aPJ7571.I27 1994 |
| 100 | 3 |
_aعطا،إبراهيم محمد , _eauthor _910220 |
|
| 245 | 0 | 0 | _aعوامل التشويق في القصة القصيرة لطفل المدرسة الإبتدائية |
| 250 | _aط1 | ||
| 264 | 3 | 1 | _aالقاهرة:مكتبة النهضة،1994 |
| 300 | _a136ص | ||
| 336 |
_atext _btxt _2rdacontent |
||
| 337 |
_aunmediated _bn _2rdamedia |
||
| 338 |
_avolume _bnc _2rdacarrier |
||
| 650 | 4 |
_a أدب الأطفال-تاريخ ونقد-القصة العربية القصيرة-قصص الأطفال _910221 |
|
| 999 |
_aA1696 _c5264 _d5264 |
||